000 00555nam a2200145Ia 4500
008 151213s9999 xx 000 0 und d
100 _aনীলুফা ইয়াসমীন।
245 _aজান্নাতী ১০ রমনী।
_cনীলুফা ইয়াসমীন।
260 _aঢাকা
_bসিদ্দিকিয়া পাবলিকেশ¯œ
_c2004
300 _a10972 p.
650 _aBangla
650 _aইসলামী বই
700 _aনীলুফা ইয়াসমীন।
999 _c4944
_d4944